Protective relays: application guide

Spremljeno u:
Bibliografski detalji
Format: Knjiga
Jezik:engleski
Izdano: Londres GEC Measurements 1987
Izdanje:3a. ed
Teme:
Oznake: Dodaj oznaku
Bez oznaka, Budi prvi tko označuje ovaj zapis!

MARC

LEADER 00000nam a2200000 a 4500
001 UCV4061
003 CL-VaPUC
008 890705e19870000UK |||||||||||||||||eng|d
082 0 4 |a 621.317  |b PRO  |2 21 
245 1 0 |a Protective relays: application guide 
250 |a 3a. ed 
300 |a 464 p 
942 |c BK 
945 |d 19890705 00:00:00 
260 |a Londres  |b GEC Measurements  |c 1987 
650 7 |a RELES PROTECTORES  |2 CL-VaPUC  |9 260246 
583 |a last modification  |c 19890705 00:00:00  |k Rodrigo Vera 
999 |c 211083  |d 211081